| 000 | 00000nam##2200000za#4500 |
| 001 | 9.572466 |
| 003 | CaOODSP |
| 005 | 20220111083102 |
| 007 | cr ||||||||||| |
| 008 | 150406|1995||||xxc|||||o f|0| 0 eng|d |
| 022 | |a1928-6414 |
| 040 | |aCaOODSP|beng |
| 043 | |an-cn--- |
| 086 | 1 |aNE22-1/1995-1E-PDF |
| 110 | 1 |aCanada. |bNational Energy Board. |
| 245 | 10|aReasons for decision in the matter of TransCanada PipeLines Limited, Westcoast Energy Inc., Foothills Pipe Lines Ltd., Alberta Natural Gas Company Ltd., Trans Québec & Maritimes Pipeline Inc., Interprovincial Pipe Line Inc., Trans Mountain Pipe Line Company Ltd. and Trans-Northern Pipeline Inc. : |h[electronic resource]|bsubmissions dated 20 June 1994, 17 June 1994, 20 June 1994, 20 June 1994, 20 June 1994, 17 June 1994, 20 June 1994, 20 June 1994 and 20 June 1994 respectively, as amended, for 1995, in respect of cost of capital |
| 246 | 1 |iVariant title : |aTransCanada PipeLines Limited, Westcoast Energy Inc., Foothills Pipe Lines Ltd., Alberta Natural Gas Company Ltd., Trans Québec & Maritimes Pipeline Inc., Interprovincial Pipe Line Inc., Trans Mountain Pipe Line Company Ltd., Trans-Northern Pipeline Inc. |
| 260 | |aCalgary - Alberta : |bNational Energy Board |cMarch 1995. |
| 300 | |a53p.|bglossary, tables |
| 490 | 1 |aReasons for decision|x1928-6414|vRH-2-94 |
| 500 | |aErrata inserted: p.1 of 53. The catalogue number (NE22-1/1995-1E) and ISBN (0-662-23107-4) for the print edition have been incorrectly copied in this electronic publication. |
| 590 | |a12-07-Supp|b2012-03-09 |
| 775 | 08|tMotifs de décision relativement à TransCanada Pipelines Limited, Westcoast Energy Inc., Foothills Pipe Lines Ltd., Alberta Natural Gas Company Ltd., Gazoduc Trans Québec & Maritimes Inc., Pipeline Interprovincial Inc., Trans Mountain Pipeline Company Ltd. et Pipeline Trans-Nord Inc. : |w(CaOODSP)9.602815 |
| 776 | 0#|tTransCanada PipeLines Limited, Westcoast Energy Inc., Foothills Pipe Lines Ltd., Alberta Natural Gas Company Ltd., Trans Québec & Maritimes Pipeline Inc., Interprovincial Pipe Line Inc., Trans Mountain Pipe Line Company Ltd. and Trans-Northern Pipeline Inc. : |w(CaOODSP)9.611926 |
| 830 | #0|aReasons for decision (Canada. National Energy Board)|x1928-6414|vRH-2-94|w(CaOODSP)9.504480 |
| 856 | 40|ahttp://publications.gc.ca|qPDF|s172 KB|uhttps://publications.gc.ca/collections/Collection/NE22-1-1995-1E.pdf|yRH-2-94 |